Система организационно-методического сопровождения деятельности кураторов академических групп в техническом университете: автореферат диссертации на соискание ученой степени кандидата педагогических наук; спец. 13.00.08

Dettagli Bibliografici
Autore principale: Бельская Е. Я. Елена Якубовна
Ente Autore: Томский государственный педагогический университет
Altri autori: Игна О. Н. Ольга Николаевна (научный руководитель)
Riassunto:Заглавие с экрана
Электронная версия печатной публикации.
Защита сост. 18.06.2021 г.
Lingua:russo
Pubblicazione: Томск, [Б. и.], 2021
Soggetti:
Accesso online:https://sveden.tspu.edu.ru/api/svfile/1257
Natura: Elettronico Libro
KOHA link:https://koha.lib.tpu.ru/cgi-bin/koha/opac-detail.pl?biblionumber=667834

MARC

LEADER 00000nlm0a2200000 4500
001 667834
005 20231228124824.0
035 |a (RuTPU)RU\TPU\network\39045 
035 |a RU\TPU\network\7182 
090 |a 667834 
100 |a 20220427d2021 k y0rusy50 ca 
101 0 |a rus 
102 |a RU 
105 |a y dm 000zy 
135 |a drcn ---uucaa 
181 0 |a i  
182 0 |a b 
200 1 |a Система организационно-методического сопровождения деятельности кураторов академических групп в техническом университете  |e автореферат диссертации на соискание ученой степени кандидата педагогических наук  |e спец. 13.00.08  |f Е. Я. Бельская  |g Томский государственный педагогический университет; науч. рук. О. Н. Игна 
203 |a Текст  |c электронный 
210 |a Томск  |c [Б. и.]  |d 2021 
300 |a Заглавие с экрана 
300 |a Электронная версия печатной публикации. 
300 |a Защита сост. 18.06.2021 г. 
606 1 |a Учебно-воспитательная работа в высших учебных заведениях  |2 stltpush  |3 (RuTPU)RU\TPU\subj\63494  |9 80518 
610 1 |a авторефераты диссертаций 
610 1 |a электронный ресурс 
610 1 |a труды учёных ТПУ 
610 1 |a кураторская деятельность 
610 1 |a академические группы 
610 1 |a технические вузы 
686 |a Ч481я431  |2 rubbk 
700 1 |a Бельская  |b Е. Я.  |c ведущий эксперт Томского политехнического университета, кандидат педагогических наук  |f 1969-  |g Елена Якубовна  |3 (RuTPU)RU\TPU\pers\30380  |9 14724 
702 1 |a Игна  |b О. Н.  |c лингвист  |c доцент Томского политехнического университета, кандидат педагогических наук  |f 1970-  |g Ольга Николаевна  |3 (RuTPU)RU\TPU\pers\30368  |4 727 
712 0 2 |a Томский государственный педагогический университет  |c (1995- )  |3 (RuTPU)RU\TPU\col\40  |9 23146 
801 2 |a RU  |b 63413507  |c 20220811  |g RCR 
856 4 |u https://sveden.tspu.edu.ru/api/svfile/1257 
942 |c CF